[Event "Junior Online 4NCL Division 4"]
[Site "online"]
[Date "2020.05.21"]
[Round "6.85"]
[White "Guha, Anuraag"]
[Black "Gauri, Dhairye"]
[Result "1-0"]
[WhiteElo "1277"]
[BlackElo "1435"]
[PlyCount "101"]
[EventDate "2020.05.21"]
[WhiteTeam "Warwickshire Bears E"]
[BlackTeam "Uxbridge Juniors A"]

1. e4 e5 2. Nf3 Nc6 3. Nc3 Nf6 4. d3 h6 5. Be2 Bc5 6. O-O O-O 7. Bd2 d6 8. Nd5
Nxd5 9. exd5 Nd4 10. Nxd4 Bxd4 11. c3 Bb6 12. Qb3 c6 13. dxc6 bxc6 14. Bf3 Be6
15. c4 Rb8 16. Qc2 Rc8 17. Rfe1 Qf6 18. Be3 Bxe3 19. Rxe3 d5 20. Qa4 d4 21. Re2
Bd7 22. Qxa7 Ra8 23. Qxd7 Rac8 24. Qg4 c5 25. Be4 Qe7 26. Bf5 Rb8 27. b3 g6 28.
f4 Qf6 29. Rxe5 Rbe8 30. Rae1 Rxe5 31. Rxe5 Kh7 32. Be4 h5 33. Qg5 Qb6 34. Bd5
Qd6 35. Qe7 Qb8 36. Qb7 Qd8 37. Qe7 Qb8 38. Bxf7 Kh8 39. Qe8 Rxe8 40. Rxe8+
Qxe8 41. Bxe8 Kg7 42. a4 Kf6 43. a5 Ke7 44. Bc6 Kd8 45. a6 h4 46. a7 h3 47.
a8=Q+ Kc7 48. gxh3 g5 49. fxg5 Kb6 50. Qb7+ Ka5 51. Qb5# 1-0

[Event "Junior Online 4NCL Division 4"]
[Site "online"]
[Date "2020.05.21"]
[Round "6.86"]
[White "Knight, Samuel"]
[Black "Sagyaman, Vassily M"]
[Result "0-1"]
[WhiteElo "1382"]
[BlackElo "1232"]
[PlyCount "102"]
[EventDate "2020.05.21"]
[WhiteTeam "Uxbridge Juniors A"]
[BlackTeam "Warwickshire Bears E"]

1. d4 d5 2. Bf4 Nf6 3. e3 e6 4. Bd3 Be7 5. c3 O-O 6. Nf3 Nbd7 7. Bc2 c6 8. Qd3
b6 9. Nbd2 a5 10. Bg5 g6 11. Bh6 Ba6 12. c4 dxc4 13. Nxc4 b5 14. Nce5 b4 15.
Qd1 Nxe5 16. Nxe5 Qd5 17. Bxf8 Qxg2 18. Qf3 Qxf3 19. Nxf3 Rxf8 20. Ba4 c5 21.
Rc1 cxd4 22. Nxd4 Ne4 23. Bc2 f5 24. Bxe4 fxe4 25. Rc7 Bh4 26. Nxe6 Bxf2+ 27.
Kd1 Re8 28. Rc6 Bb7 29. Rb6 Bd5 30. Nc7 Rd8 31. Nxd5 Rxd5+ 32. Ke2 Bh4 33. Rc1
Rf5 34. Rc8+ Kg7 35. Rc2 Rf2+ 36. Kd1 Rf1+ 37. Kd2 Rf2+ 38. Ke1 Rxc2+ 39. Kd1
Rxb2 40. Rb7+ Kh6 41. Kc1 Rxa2 42. Kb1 Rxh2 43. Ra7 b3 44. Rxa5 b2 45. Ra6 Be1
46. Rc6 Bd2 47. Rc4 Bc1 48. Rxe4 Rh5 49. Rg4 Ra5 50. e4 Ra1+ 51. Kc2 b1=Q+ 0-1

[Event "Junior Online 4NCL Division 4"]
[Site "online"]
[Date "2020.05.21"]
[Round "6.87"]
[White "Purushothaman, Amitesh"]
[Black "Bhat, Advay"]
[Result "1-0"]
[WhiteElo "1285"]
[BlackElo "1360"]
[PlyCount "64"]
[EventDate "2020.05.21"]
[WhiteTeam "Warwickshire Bears E"]
[BlackTeam "Uxbridge Juniors A"]

1. d4 Nf6 2. c4 d5 3. cxd5 Nxd5 4. e4 Nf6 5. Nc3 Nc6 6. Nf3 Bg4 7. Be3 e5 8.
Bb5 a6 9. Bxc6+ bxc6 10. h3 Bxf3 11. Qxf3 exd4 12. e5 dxc3 13. exf6 cxb2 14.
Qxc6+ Qd7 15. Qxa8+ Qd8 16. Qxd8+ Kxd8 17. Rb1 Ba3 18. fxg7 Rg8 19. Bh6 Kd7 20.
Ke2 Kc6 21. Kd3 Kc5 22. Kc3 Kb5 23. Kb3 Be7 24. Rxb2 a5 25. Kc2+ Kc4 26. Re1
Bf6 27. Rb3 Bxg7 28. Re4+ Kd5 29. Rg4 a4 30. Rb1 a3 31. Rxg7 Rxg7 32. Bxg7 Kc4
1-0

[Event "Junior Online 4NCL Division 4"]
[Site "online"]
[Date "2020.05.21"]
[Round "6.88"]
[White "Das, Devorshi"]
[Black "Gibara, Astrid"]
[Result "0-1"]
[WhiteElo "1120"]
[BlackElo "1187"]
[PlyCount "146"]
[EventDate "2020.05.21"]
[WhiteTeam "Uxbridge Juniors A"]
[BlackTeam "Warwickshire Bears E"]

1. e4 e5 2. Nf3 Nc6 3. Nc3 Nf6 4. d4 d6 5. d5 Nd4 6. Be2 Nxe2 7. Qxe2 Be7 8.
Bg5 O-O 9. O-O Bg4 10. h3 Bh5 11. Bh4 Nd7 12. Bxe7 Qxe7 13. a3 a6 14. Rfe1 b5
15. Qe3 c5 16. Ne2 Nb6 17. c3 Nc4 18. Qc1 Na5 19. Ng3 Bxf3 20. gxf3 Nb3 21. Qe3
Nxa1 22. Rxa1 h6 23. Nf5 Qg5+ 24. Qxg5 hxg5 25. Nxd6 Rad8 26. Nf5 g6 27. Ne3 f5
28. exf5 gxf5 29. b4 f4 30. Ng4 Rxd5 31. bxc5 Rxc5 32. Nh6+ Kg7 33. Ng4 Re8 34.
Rc1 e4 35. fxe4 Rxe4 36. Nh2 a5 37. Nf3 b4 38. axb4 axb4 39. Nxg5 Rxg5+ 40. Kf1
b3 41. f3 Rc4 42. Ke2 b2 43. Rb1 Rb5 44. Kd3 Rcc5 45. Kc2 Rg5 46. c4 Rbc5 47.
Rxb2 Rxc4+ 48. Kd3 Rc1 49. Ke4 Rc4+ 50. Kd3 Ra4 51. Rb7+ Kf6 52. Rb2 Rg3 53.
Rb6+ Ke5 54. Rb5+ Kd6 55. h4 Rxf3+ 56. Kc2 Rf2+ 57. Kd3 f3 58. h5 Rh2 59. Ke3
Ra3+ 60. Kf4 f2 61. Rb1 Rah3 62. h6 Rxh6 63. Kg3 Rh1 64. Kg2 f1=Q+ 65. Rxf1
Rxf1 66. Kxf1 Rh2 67. Ke1 Kd5 68. Kf1 Ke4 69. Kg1 Rb2 70. Kf1 Ke3 71. Kg1 Kf3
72. Kh1 Kg3 73. Kg1 Rb1# 0-1

[Event "Junior Online 4NCL Division 4"]
[Site "online"]
[Date "2020.05.28"]
[Round "7.11"]
[White "Miller, Kai"]
[Black "Gauri, Dhairye"]
[Result "0-1"]
[WhiteElo "1390"]
[BlackElo "1435"]
[PlyCount "104"]
[EventDate "2020.05.28"]
[WhiteTeam "Hallfield School B"]
[BlackTeam "Uxbridge Juniors A"]

1. e4 e5 2. Nf3 Nc6 3. Bc4 Be7 4. Nc3 Nf6 5. d3 h6 6. Be3 O-O 7. Qd2 Ng4 8. O-O
Nxe3 9. fxe3 Bc5 10. d4 exd4 11. exd4 Bb4 12. Rfe1 Na5 13. a3 Nxc4 14. Qd3 Nxb2
15. Reb1 Bxc3 16. Qxc3 Na4 17. Qb4 Nb6 18. a4 a5 19. Qd2 d5 20. exd5 Qxd5 21.
Ne5 Nc4 22. Nxc4 Qxc4 23. Rf1 Be6 24. Rf4 Rad8 25. Rd1 c5 26. d5 Qxd5 27. Qxd5
Rxd5 28. Rxd5 Bxd5 29. Rf5 Bc6 30. Rxc5 Bxa4 31. Rc7 Bc6 32. Kf2 Re8 33. Kg3
Kh7 34. Kf4 Kg6 35. g4 Kf6 36. h4 Ke6 37. c4 Kd6 38. Rxf7 Re4+ 39. Kf5 Rxc4 40.
Rxg7 a4 41. Rg8 Be4+ 42. Kf4 Bh7+ 43. Kg3 Bxg8 44. Kf3 a3 45. Ke3 a2 46. Kd3
Rxg4 47. Ke3 a1=Q 48. h5 Qc3+ 49. Kf2 Rf4+ 50. Kg2 Qf3+ 51. Kg1 Qf2+ 52. Kh1
Rh4# 0-1

[Event "Junior Online 4NCL Division 4"]
[Site "online"]
[Date "2020.05.28"]
[Round "7.12"]
[White "Knight, Samuel"]
[Black "Kuang, Felix"]
[Result "1-0"]
[WhiteElo "1382"]
[BlackElo "1247"]
[PlyCount "63"]
[EventDate "2020.05.28"]
[WhiteTeam "Uxbridge Juniors A"]
[BlackTeam "Hallfield School B"]

1. d4 Nf6 2. Bf4 g6 3. e3 Bg7 4. Bd3 O-O 5. Nf3 b6 6. Nbd2 Bb7 7. c3 Nc6 8. O-O
d5 9. Ne5 Nxe5 10. Bxe5 Qd7 11. h3 Rad8 12. Rc1 c5 13. dxc5 bxc5 14. Be2 d4 15.
cxd4 cxd4 16. Bxd4 Qd5 17. Bf3 Qb5 18. Bxb7 Qxb7 19. b3 Qa6 20. a4 Rfe8 21. Qf3
e5 22. Bc3 e4 23. Qg3 Nh5 24. Qc7 Bxc3 25. Qxc3 Rc8 26. Nc4 f5 27. Qb4 Rb8 28.
Qa3 Rb7 29. Nd6 Reb8 30. Nxb7 Rxb7 31. Rc8+ Kg7 32. Qf8# 1-0

[Event "Junior Online 4NCL Division 4"]
[Site "online"]
[Date "2020.05.28"]
[Round "7.13"]
[White "Agrawal, Ayan"]
[Black "Bhat, Advay"]
[Result "0-1"]
[WhiteElo "1292"]
[BlackElo "1360"]
[PlyCount "52"]
[EventDate "2020.05.28"]
[WhiteTeam "Hallfield School B"]
[BlackTeam "Uxbridge Juniors A"]

1. e4 e5 2. Nf3 Nc6 3. Bb5 a6 4. Ba4 Nf6 5. d4 exd4 6. Nxd4 Nxd4 7. Qxd4 c5 8.
Qxc5 Bxc5 9. Bg5 Qa5+ 10. Nc3 Nxe4 11. Bd2 Nxc3 12. Bxc3 Qxa4 13. b3 Qe4+ 14.
Kd1 Qxg2 15. Re1+ Kd8 16. Kd2 Qxf2+ 17. Kd3 Qf3+ 18. Kd2 Re8 19. Rxe8+ Kxe8 20.
Bxg7 Qg2+ 21. Kc3 Qxg7+ 22. Kc4 Qxa1 23. Kxc5 Qc3+ 24. Kb6 Qxc2 25. b4 Qxa2 26.
b5 axb5 0-1

[Event "Junior Online 4NCL Division 4"]
[Site "online"]
[Date "2020.05.28"]
[Round "7.14"]
[White "Jebananthan, Jeshan"]
[Black "Agrawal, Anay"]
[Result "1-0"]
[WhiteElo "1060"]
[BlackElo "1210"]
[PlyCount "79"]
[EventDate "2020.05.28"]
[WhiteTeam "Uxbridge Juniors A"]
[BlackTeam "Hallfield School B"]

1. e4 e5 2. Nf3 Nc6 3. Bc4 Bc5 4. Nc3 h6 5. O-O Nf6 6. d3 d6 7. h3 Qe7 8. a3
Be6 9. Bxe6 fxe6 10. b4 Bd4 11. Bd2 Bxc3 12. Bxc3 d5 13. exd5 exd5 14. b5 Nd4
15. Nxd4 exd4 16. Bxd4 c6 17. a4 Qb4 18. c3 Qd6 19. Re1+ Kd8 20. Be5 Qf8 21. c4
dxc4 22. dxc4+ Nd7 23. Qg4 Nxe5 24. Rxe5 Qf6 25. Rd1+ Kc7 26. f4 Rad8 27. Rf5
Rxd1+ 28. Kf2 Qb2+ 29. Ke3 Qd2+ 30. Ke4 Re1+ 31. Kf3 Qe2+ 32. Kg3 Rg1 33. Qxe2
cxb5 34. cxb5 Rd8 35. Rc5+ Kb8 36. Qe7 Rd3+ 37. Kg4 Rxg2+ 38. Kf5 Rgd2 39. Qc7+
Ka8 40. Qc8# 1-0

[Event "Junior Online 4NCL Division 4"]
[Site "online"]
[Date "2020.05.28"]
[Round "7.15"]
[White "Gauri, Dhairye"]
[Black "Miller, Kai"]
[Result "1-0"]
[WhiteElo "1435"]
[BlackElo "1390"]
[PlyCount "83"]
[EventDate "2020.05.28"]
[WhiteTeam "Uxbridge Juniors A"]
[BlackTeam "Hallfield School B"]

1. e4 e5 2. Nf3 Nc6 3. Bc4 Nf6 4. Ng5 Bc5 5. Nxf7 Bxf2+ 6. Kxf2 Nxe4+ 7. Kg1
Qh4 8. g3 Qf6 9. Qf1 Qe7 10. Nxh8 Qc5+ 11. Kg2 d5 12. Qf7+ Kd8 13. Qg8+ Ke7 14.
Qxg7+ Kd6 15. Nf7+ Ke6 16. Rf1 dxc4 17. Qh6+ Kd5 18. Nc3+ Nxc3 19. dxc3 Be6 20.
Rd1+ Ke4 21. Qh4+ Kf5 22. Qg5+ Ke4 23. Re1+ Kd5 24. Qd2+ Nd4 25. cxd4 exd4 26.
Re5+ Kc6 27. Rxc5+ Kxc5 28. Ne5 Bd5+ 29. Kg1 a6 30. Qa5+ b5 31. Qxc7+ Kb4 32.
Qd6+ Ka4 33. Qxd5 Rf8 34. b3+ Ka5 35. Bd2+ Kb6 36. Qd6+ Ka7 37. Qxf8 h5 38.
Qe7+ Kb6 39. Qd6+ Ka7 40. Qc7+ Ka8 41. Nc6 cxb3 42. Qa7# 1-0

[Event "Junior Online 4NCL Division 4"]
[Site "online"]
[Date "2020.05.28"]
[Round "7.16"]
[White "Kuang, Felix"]
[Black "Knight, Samuel"]
[Result "0-1"]
[WhiteElo "1247"]
[BlackElo "1382"]
[PlyCount "72"]
[EventDate "2020.05.28"]
[WhiteTeam "Hallfield School B"]
[BlackTeam "Uxbridge Juniors A"]

1. e4 e6 2. d4 d5 3. e5 c5 4. c3 Nc6 5. Nf3 Bd7 6. Bd3 c4 7. Bc2 Be7 8. O-O f6
9. b3 fxe5 10. dxe5 b5 11. bxc4 bxc4 12. Ba4 Qa5 13. Bxc6 Bxc6 14. Be3 Bc5 15.
Bd4 Ne7 16. Qc2 O-O 17. Nbd2 Ng6 18. Rfe1 Rab8 19. Rab1 Ba4 20. Qc1 Rxb1 21.
Qxb1 Bxd4 22. cxd4 Rc8 23. Qb7 Rf8 24. h3 Nf4 25. a3 c3 26. Nf1 c2 27. Rc1 Ne2+
28. Kh1 Nxc1 29. Qb2 Nd3 30. Qb7 c1=Q 31. Kg1 Nf4 32. Ng5 Ne2+ 33. Kh2 Qxf1 34.
h4 Qg1+ 35. Kh3 Nf4+ 36. Kg4 Qxg2# 0-1

[Event "Junior Online 4NCL Division 4"]
[Site "online"]
[Date "2020.05.28"]
[Round "7.17"]
[White "Bhat, Advay"]
[Black "Agrawal, Ayan"]
[Result "0-1"]
[WhiteElo "1360"]
[BlackElo "1292"]
[PlyCount "146"]
[EventDate "2020.05.28"]
[WhiteTeam "Uxbridge Juniors A"]
[BlackTeam "Hallfield School B"]

1. e4 e5 2. Nf3 Nc6 3. Bc4 Bc5 4. d3 Nf6 5. Ng5 O-O 6. O-O h6 7. Nf3 Nd4 8.
Nxe5 d6 9. Nf3 Bg4 10. h3 Bxf3 11. gxf3 Qd7 12. Kh2 c6 13. c3 Ne6 14. Rg1 d5
15. exd5 cxd5 16. Bb3 Qd6+ 17. Kh1 Nf4 18. Rg3 Bxf2 19. Bxf4 Qxf4 20. Rg2 Qh4
21. Qf1 Bc5 22. d4 Bd6 23. Qg1 Qxh3+ 24. Rh2 Bxh2 25. Qxh2 Qxh2+ 26. Kxh2 Rae8
27. Bd1 Re3 28. Nd2 Re1 29. b3 g5 30. c4 g4 31. fxg4 Nxg4+ 32. Kg3 Ne3 33. Nf3
Rxd1 34. Rxd1 Nxd1 35. cxd5 Rd8 36. Nh4 Rxd5 37. Kf4 Rxd4+ 38. Kg3 Rxh4 39.
Kxh4 Kf8 40. Kh5 Ke7 41. Kxh6 Kd6 42. Kg5 Kc5 43. Kf6 Kb4 44. Kxf7 Ka3 45. Ke7
Kxa2 46. Kd7 a5 47. Kc7 Kxb3 48. Kxb7 a4 49. Kb6 a3 50. Ka5 a2 51. Kb5 a1=Q 52.
Kc5 Qc3+ 53. Kb5 Qb4+ 54. Kc6 Ne3 55. Kd7 Qc5 56. Ke6 Kc4 57. Kf6 Qd5 58. Kg6
Qe5 59. Kh6 Kd4 60. Kg6 Ke4 61. Kh6 Kf4 62. Kg6 Qf5+ 63. Kh6 Qg5+ 64. Kh7 Kf5
65. Kh8 Qf6+ 66. Kh7 Qg6+ 67. Kh8 Qh6+ 68. Kg8 Qg6+ 69. Kh8 Qg5 70. Kh7 Nd5 71.
Kh8 Ne7 72. Kh7 Kf6 73. Kh8 Qg7# 0-1

[Event "Junior Online 4NCL Division 4"]
[Site "online"]
[Date "2020.05.28"]
[Round "7.18"]
[White "Agrawal, Anay"]
[Black "Jebananthan, Jeshan"]
[Result "0-1"]
[WhiteElo "1210"]
[BlackElo "1060"]
[PlyCount "44"]
[EventDate "2020.05.28"]
[WhiteTeam "Hallfield School B"]
[BlackTeam "Uxbridge Juniors A"]

1. d4 d5 2. c4 e5 3. Qa4+ Bd7 4. cxd5 Bxa4 5. b3 Bb5 6. Nc3 Bd7 7. dxe5 Bb4 8.
Bd2 f6 9. exf6 Qxf6 10. Rc1 Bc5 11. Ne4 Qe7 12. Nxc5 Bg4 13. Nxb7 Nd7 14. f3
Bf5 15. d6 cxd6 16. e4 Be6 17. Ba5 d5 18. exd5 Bxd5+ 19. Ne2 Bxb7 20. Rc7 Ba6
21. g3 Ngf6 22. Bh3 Qxe2# 0-1

[Event "Junior Online 4NCL Division 4"]
[Site "online"]
[Date "2020.05.28"]
[Round "7.21"]
[White "Asryan, Kagik"]
[Black "Cham, Alex"]
[Result "1/2-1/2"]
[WhiteElo "1345"]
[BlackElo "1307"]
[PlyCount "145"]
[EventDate "2020.05.28"]
[WhiteTeam "Harrow Juniors C"]
[BlackTeam "St Albans Early Knights 3"]

1. e4 c6 2. d4 d5 3. exd5 cxd5 4. c4 e6 5. Nf3 Nf6 6. a3 Bd6 7. Nc3 Nbd7 8. c5
Nxc5 9. dxc5 Bxc5 10. Bf4 O-O 11. b4 Bd6 12. Ne5 Qc7 13. Nb5 Qb8 14. Nxd6 Qxd6
15. Bd3 Qe7 16. Qc2 b6 17. Bg5 h6 18. Nc6 Qd6 19. Bxf6 gxf6 20. Rc1 Bb7 21. b5
Rac8 22. a4 a6 23. O-O Rc7 24. Qd2 Kg7 25. Nd4 a5 26. Bf5 Rg8 27. Bxe6 fxe6 28.
Rxc7+ Qxc7 29. Nxe6+ Kf7 30. Nxc7 d4 31. Qxd4 Rxg2+ 32. Kh1 Rg5+ 33. Qd5+ Bxd5+
34. Nxd5 Rxd5 35. Rc1 Rd6 36. Kg2 Ke7 37. h3 Ke6 38. Rc3 Kd5 39. Rc1 Rd7 40.
Kf3 Ke5 41. Kg4 Rd4+ 42. Kh5 Rxa4 43. Re1+ Kf5 44. Re3 Rb4 45. Rf3+ Ke4 46.
Rxf6 Rxb5+ 47. Kg4 Rb2 48. Kg3 a4 49. Rxh6 a3 50. Rh4+ Kd3 51. Ra4 a2 52. h4 b5
53. Ra5 Kc4 54. h5 Rd2 55. h6 b4 56. h7 Rd8 57. Rxa2 b3 58. Ra6 b2 59. Rb6 Kc3
60. Kg4 Kc2 61. Kg5 b1=Q 62. Rxb1 Kxb1 63. f4 Rd5+ 64. Kg4 Rd8 65. f5 Rh8 66.
Kg5 Rxh7 67. Kg6 Ra7 68. f6 Ra6 69. Kg7 Ra7+ 70. f7 Kb2 71. Kg8 Ra8+ 72. f8=Q
Rxf8+ 73. Kxf8 1/2-1/2

[Event "Junior Online 4NCL Division 4"]
[Site "online"]
[Date "2020.05.28"]
[Round "7.22"]
[White "Ravithas, Abinash"]
[Black "Paul, Alexandre"]
[Result "1-0"]
[WhiteElo "1285"]
[BlackElo "1352"]
[PlyCount "29"]
[EventDate "2020.05.28"]
[WhiteTeam "St Albans Early Knights 3"]
[BlackTeam "Harrow Juniors C"]

1. e4 e5 2. Nf3 Nc6 3. Bc4 Nf6 4. Nc3 Bc5 5. d3 d6 6. h3 O-O 7. Bg5 h6 8. Bh4
g5 9. Bg3 h5 10. Nxg5 Nd7 11. Qxh5 Nf6 12. Qh4 Nd4 13. O-O-O Bg4 14. hxg4 Re8
15. Qh8# 1-0

[Event "Junior Online 4NCL Division 4"]
[Site "online"]
[Date "2020.05.28"]
[Round "7.23"]
[White "Evans, Daniel"]
[Black "Owladi, Dara"]
[Result "1-0"]
[WhiteElo "1270"]
[BlackElo "1277"]
[PlyCount "77"]
[EventDate "2020.05.28"]
[WhiteTeam "Harrow Juniors C"]
[BlackTeam "St Albans Early Knights 3"]

1. c4 e5 2. g3 Nf6 3. Bg2 Bc5 4. e3 Nc6 5. Ne2 O-O 6. Nbc3 d6 7. O-O Bf5 8. d4
Bb6 9. a3 a5 10. Na4 Ra6 11. Nxb6 Rxb6 12. Nc3 e4 13. d5 Na7 14. Na4 Ra6 15.
Bd2 c6 16. dxc6 bxc6 17. c5 dxc5 18. Nxc5 Qc8 19. Nxa6 Qxa6 20. Re1 Rd8 21. Qc2
h6 22. Bf1 Qc8 23. Bxa5 Rd7 24. Bc3 Nb5 25. Bxf6 gxf6 26. Bxb5 Rc7 27. Rac1 c5
28. b4 c4 29. Red1 c3 30. Rd6 Kg7 31. Ba4 Ra7 32. Rc6 Qd8 33. Bb3 Rxa3 34. Qxc3
Qb8 35. Qxf6+ Kg8 36. Bxf7+ Kf8 37. Bg6+ Kg8 38. Qf7+ Kh8 39. Qh7# 1-0

[Event "Junior Online 4NCL Division 4"]
[Site "online"]
[Date "2020.05.28"]
[Round "7.24"]
[White "Demura, Dmitrii"]
[Black "Laza, Andrei"]
[Result "0-1"]
[WhiteElo "1142"]
[BlackElo "1315"]
[PlyCount "44"]
[EventDate "2020.05.28"]
[WhiteTeam "St Albans Early Knights 3"]
[BlackTeam "Harrow Juniors C"]

1. e4 e5 2. Nf3 Nc6 3. Bc4 Bc5 4. c3 d6 5. d4 exd4 6. cxd4 Bb4+ 7. Nc3 Nf6 8.
Bg5 h6 9. Bh4 Qe7 10. O-O Bxc3 11. bxc3 O-O 12. Re1 Rd8 13. e5 dxe5 14. Qd2 Qd6
15. Rad1 exd4 16. cxd4 Bg4 17. h3 Bxf3 18. gxf3 Nxd4 19. Bxf6 Qxf6 20. Re4
Nxf3+ 21. Kf1 Nxd2+ 22. Rxd2 Rxd2 0-1

[Event "Junior Online 4NCL Division 4"]
[Site "online"]
[Date "2020.05.28"]
[Round "7.25"]
[White "Cham, Alex"]
[Black "Asryan, Kagik"]
[Result "0-1"]
[WhiteElo "1307"]
[BlackElo "1345"]
[PlyCount "76"]
[EventDate "2020.05.28"]
[WhiteTeam "St Albans Early Knights 3"]
[BlackTeam "Harrow Juniors C"]

1. d4 d5 2. Bf4 e6 3. e3 c5 4. c3 Nc6 5. Bd3 Bd6 6. Bg3 e5 7. dxe5 Nxe5 8. Bc2
Be6 9. Nf3 Nxf3+ 10. Qxf3 Bxg3 11. hxg3 Nf6 12. Nd2 Qa5 13. Nb3 Qb5 14. O-O-O
Bg4 15. Qxd5 Nxd5 16. Rxd5 Rd8 17. Rxc5 Qe2 18. Re5+ Be6 19. Nd4 Qxf2 20. Nxe6
fxe6 21. Rxe6+ Kd7 22. Re5 Qxg3 23. Rd1+ Kc7 24. Re7+ Kb8 25. Be4 Qxe3+ 26. Kc2
Qe2+ 27. Rd2 Qxd2+ 28. Kb3 Qd1+ 29. Bc2 Qf1 30. Be4 Qb5+ 31. Kc2 Qe2+ 32. Kb3
Qb5+ 33. Kc2 Rd7 34. Re6 Rf8 35. Bd3 Rf2+ 36. Be2 Qa4+ 37. Kc1 Rf1+ 38. Bxf1
Qd1# 0-1

[Event "Junior Online 4NCL Division 4"]
[Site "online"]
[Date "2020.05.28"]
[Round "7.26"]
[White "Paul, Alexandre"]
[Black "Ravithas, Abinash"]
[Result "0-1"]
[WhiteElo "1352"]
[BlackElo "1285"]
[PlyCount "124"]
[EventDate "2020.05.28"]
[WhiteTeam "Harrow Juniors C"]
[BlackTeam "St Albans Early Knights 3"]

1. e4 e5 2. Nf3 Nc6 3. Nc3 Bc5 4. Bc4 Nf6 5. d3 h6 6. O-O O-O 7. Be3 Bb6 8. Nd5
d6 9. h3 Be6 10. Nxf6+ Qxf6 11. Bxe6 Qxe6 12. Qd2 Bxe3 13. Qxe3 Rad8 14. Rad1
Qxa2 15. b3 Qxc2 16. Rd2 Qxb3 17. Rc1 Qe6 18. Rb1 b6 19. Rc1 d5 20. exd5 Rxd5
21. d4 exd4 22. Qxe6 fxe6 23. Rxc6 a5 24. Rxe6 b5 25. Nxd4 c5 26. Ra6 Rxd4 27.
Rxd4 cxd4 28. Rxa5 Rb8 29. Ra3 Kf7 30. Rd3 Rd8 31. Kf1 Ke6 32. Ke2 Kd5 33. Rb3
Kc4 34. Rd3 b4 35. Kd2 b3 36. Rxb3 Kxb3 37. Kd3 g5 38. g4 Rf8 39. f3 Rxf3+ 40.
Kxd4 Rxh3 41. Ke4 Rg3 42. Kf5 Kc4 43. Kg6 Rxg4 44. Kxh6 Kd4 45. Kh5 Rg1 46. Kg6
g4 47. Kg5 Ke3 48. Kh4 g3 49. Kg4 Kf2 50. Kh3 Rh1+ 51. Kg4 g2 52. Kf4 Ke1 53.
Kf3 g1=Q 54. Kf4 Rh5 55. Kf3 Qf2+ 56. Kg4 Ra5 57. Kh3 Ra3+ 58. Kg4 Qd4+ 59. Kf5
Ra5+ 60. Ke6 Qb6+ 61. Kd7 Ra7+ 62. Ke8 Qb8# 0-1

[Event "Junior Online 4NCL Division 4"]
[Site "online"]
[Date "2020.05.28"]
[Round "7.27"]
[White "Owladi, Dara"]
[Black "Evans, Daniel"]
[Result "0-1"]
[WhiteElo "1277"]
[BlackElo "1270"]
[PlyCount "98"]
[EventDate "2020.05.28"]
[WhiteTeam "St Albans Early Knights 3"]
[BlackTeam "Harrow Juniors C"]

1. e4 c5 2. Nc3 Nc6 3. Nf3 d6 4. Bc4 e6 5. d3 Be7 6. Be3 Nf6 7. O-O O-O 8. Qd2
Nd7 9. h3 Nde5 10. Nxe5 Nxe5 11. Bb3 Bd7 12. Rad1 f5 13. f4 Nc6 14. exf5 Rxf5
15. a4 Nd4 16. Bxd4 cxd4 17. Ne4 d5 18. Ng3 Rf7 19. f5 Qc7 20. Ne2 Bd6 21. Nxd4
Bc5 22. c3 Raf8 23. fxe6 Bxe6 24. Qe2 Qb6 25. Kh1 Bxd4 26. cxd4 Rxf1+ 27. Rxf1
Rxf1+ 28. Qxf1 Qxb3 29. Qe2 Bf7 30. Qe5 h6 31. Qb8+ Kh7 32. Qxa7 Qxb2 33. Qc5
Qb1+ 34. Kh2 Qxd3 35. Qc7 Bg6 36. Qxb7 Qxd4 37. Qb3 Be4 38. Qa2 Qe5+ 39. Kh1
Qh5 40. Kh2 Qg6 41. a5 d4 42. a6 d3 43. a7 Qd6+ 44. Kh1 d2 45. Kg1 d1=Q+ 46.
Kf2 Q6d4+ 47. Kg3 Qe1+ 48. Kg4 Qd7+ 49. Kf4 Qf5# 0-1

[Event "Junior Online 4NCL Division 4"]
[Site "online"]
[Date "2020.05.28"]
[Round "7.28"]
[White "Laza, Andrei"]
[Black "Demura, Dmitrii"]
[Result "1-0"]
[WhiteElo "1315"]
[BlackElo "1142"]
[PlyCount "69"]
[EventDate "2020.05.28"]
[WhiteTeam "Harrow Juniors C"]
[BlackTeam "St Albans Early Knights 3"]

1. e4 e5 2. Nf3 Nc6 3. Nc3 Nf6 4. Bb5 d6 5. d3 a6 6. Ba4 b5 7. Bb3 a5 8. a3 a4
9. Ba2 Be7 10. h3 O-O 11. Be3 h6 12. Qd2 Be6 13. O-O Bxa2 14. Rxa2 d5 15. exd5
Nxd5 16. Nxd5 Qxd5 17. Raa1 Nd4 18. Nxd4 exd4 19. Bf4 Bd6 20. Bxd6 cxd6 21. c3
dxc3 22. bxc3 f5 23. Rac1 Rf6 24. c4 bxc4 25. Rxc4 Rg6 26. g3 Rf8 27. Re1 f4
28. Rxf4 Rxf4 29. Qxf4 Qxd3 30. Qxa4 Qd2 31. Re8+ Kf7 32. Qd7+ Kf6 33. Re6+ Kf5
34. Re2+ Kf6 35. Rxd2 1-0

[Event "Junior Online 4NCL Division 4"]
[Site "online"]
[Date "2020.05.28"]
[Round "7.31"]
[White "Byrom, Harris"]
[Black "Babu, Rohan"]
[Result "1-0"]
[WhiteElo "1457"]
[BlackElo "1255"]
[PlyCount "75"]
[EventDate "2020.05.28"]
[WhiteTeam "Ojays E"]
[BlackTeam "Robin Hoods 3"]

1. d4 d5 2. c4 c6 3. Nc3 Bf5 4. Bf4 e6 5. Nf3 c5 6. e3 cxd4 7. Nxd4 Be4 8. cxd5
exd5 9. Nxe4 dxe4 10. Bb5+ Nc6 11. Nxc6 Qxd1+ 12. Rxd1 bxc6 13. Bxc6+ Ke7 14.
Bxa8 Ke8 15. Bc6+ Ke7 16. Bd6+ Kf6 17. Bxf8 Nh6 18. Bxe4 Rxf8 19. O-O Re8 20.
Bf3 a5 21. Rd2 a4 22. Bc6 Rc8 23. Bxa4 Ra8 24. Bb3 Rc8 25. Rd7 Rb8 26. Rfd1 Rb6
27. R1d6+ Rxd6 28. Rxd6+ Ke7 29. Ra6 g5 30. Rxh6 Kf8 31. Rxh7 Kg8 32. Rxf7 Kh8
33. a4 g4 34. a5 g3 35. hxg3 Kg8 36. a6 Kh8 37. a7 Kg8 38. a8=Q# 1-0

[Event "Junior Online 4NCL Division 4"]
[Site "online"]
[Date "2020.05.28"]
[Round "7.32"]
[White "Humphreys, Benjamin"]
[Black "Masacorale, Jamie"]
[Result "0-1"]
[WhiteElo "1255"]
[BlackElo "1457"]
[PlyCount "64"]
[EventDate "2020.05.28"]
[WhiteTeam "Robin Hoods 3"]
[BlackTeam "Ojays E"]

1. e4 c5 2. Nf3 Nc6 3. d4 cxd4 4. Nxd4 g6 5. Nxc6 bxc6 6. Nc3 Bg7 7. Bd2 e6 8.
Be2 Ne7 9. O-O d5 10. exd5 cxd5 11. Bb5+ Bd7 12. Bxd7+ Qxd7 13. Qf3 O-O 14.
Rfe1 Nf5 15. Be3 Nxe3 16. fxe3 Rac8 17. Kf2 Qb7 18. Na4 Rxc2+ 19. Re2 Rxe2+ 20.
Qxe2 Rb8 21. Rb1 Qb5 22. Qxb5 Rxb5 23. Nc3 Bxc3 24. bxc3 Rxb1 25. Kf3 Ra1 26.
a4 Rxa4 27. g4 Ra3 28. h4 Rxc3 29. g5 a5 30. Kf4 a4 31. Ke5 a3 32. Kd4 Rc8 0-1

[Event "Junior Online 4NCL Division 4"]
[Site "online"]
[Date "2020.05.28"]
[Round "7.33"]
[White "Li, Evan"]
[Black "Krasnov, Maksim"]
[Result "1-0"]
[WhiteElo "1435"]
[BlackElo "1247"]
[PlyCount "43"]
[EventDate "2020.05.28"]
[WhiteTeam "Ojays E"]
[BlackTeam "Robin Hoods 3"]

1. e4 e5 2. Nf3 Nc6 3. Bc4 Bc5 4. c3 Nf6 5. d3 d6 6. Bg5 h6 7. Bh4 g5 8. Bg3
Bg4 9. Nbd2 d5 10. exd5 Nxd5 11. h3 Bh5 12. Ne4 Bxf3 13. Qxf3 Bb6 14. Bxd5 Qxd5
15. Nf6+ Ke7 16. Nxd5+ Kd7 17. Nxb6+ cxb6 18. O-O Rhe8 19. Qxf7+ Kd8 20. Rfe1
Rc8 21. Qg6 Ne7 22. Qd6# 1-0

[Event "Junior Online 4NCL Division 4"]
[Site "online"]
[Date "2020.05.28"]
[Round "7.34"]
[White "Pannu, Aaron"]
[Black "Zeng, Rosa"]
[Result "0-1"]
[WhiteElo "1240"]
[BlackElo "1412"]
[PlyCount "104"]
[EventDate "2020.05.28"]
[WhiteTeam "Robin Hoods 3"]
[BlackTeam "Ojays E"]

1. e4 e5 2. Nf3 Nc6 3. d4 d6 4. d5 Nce7 5. Nc3 c6 6. dxc6 Nxc6 7. Bb5 Bd7 8.
Be3 Nf6 9. O-O Be7 10. Nd5 O-O 11. c4 a6 12. Nxe7+ Qxe7 13. Bxc6 Bxc6 14. Qd3
Bxe4 15. Qe2 Rac8 16. Ng5 h6 17. Nxe4 Nxe4 18. Qg4 f5 19. Qg6 Rf6 20. Qh5 Rxc4
21. b3 Rc8 22. f3 Rc3 23. fxe4 Rxe3 24. exf5 d5 25. Rac1 Qd7 26. Rc5 Re4 27. g4
b6 28. Rc3 d4 29. Rc2 Qd8 30. Rfc1 Rf8 31. Qg6 Qe7 32. Qe6+ Qxe6 33. fxe6 Rxg4+
34. Kh1 Re8 35. Rc8 Kf8 36. Rxe8+ Kxe8 37. Rc7 Rg6 38. e7 Re6 39. Kg2 Rxe7 40.
Rxe7+ Kxe7 41. Kf3 Ke6 42. Ke4 g5 43. h3 h5 44. a4 g4 45. hxg4 hxg4 46. Kd3 Kf5
47. Ke2 Kf4 48. Kf2 e4 49. b4 g3+ 50. Kg2 d3 51. Kf1 Kf3 52. Ke1 g2 0-1